000 01128nam a22002777a 4500
005 20240305165618.0
007 cr|||| ||||
008 210909s2007 ca |||||s|||| 00||0 eng d
020 _a978-1-55221-136-6
035 _a20643
040 _avLex
090 _c12375
_d12375
100 1 _aOgilvie, M.H.
245 1 0 _aIrwin Law: Bank and Customer Law in Canada
_h[Recurso electrónico] /
_cM.H. Ogilvie
250 _aPrimera Edición
256 _aServicio en línea
260 _aToronto:
_bIrwin Law Inc.,
_c2007
300 _a1 recurso electrónico
506 1 _aDisponible solo en los productos indicados
_dvLex Global
_dvLex Global (Academic Edition, excluding Law Schools)
_dvLex Global (U.S. Academic Edition, Law Schools)
_dvLex Global (U.S. Academic Edition, excluding Law Schools)
_dvLex Global (Academic Edition, Law Schools)
650 0 4 _aDerecho Cambiario y Bursátil
_zCanadá
650 0 4 _aCódigo de Comercio y Registro Mercantil
_zCanadá
650 0 4 _aConsumidores Usuarios
_zCanadá
740 0 _avLex Libros (Servicio en línea)
856 4 0 _uhttps://app.vlex.com/#/sources/20643
942 _cRAA
999 _c170611
_d170611